LEADER 00922nam0-22003251i-450- 001 990000469140403321 005 20080725100102.0 010 $a0-12-064460-6 035 $a000046914 035 $aFED01000046914 035 $a(Aleph)000046914FED01 035 $a000046914 100 $a20020821d1985----km-y0itay50------ba 101 0 $aeng 105 $aa-------001yy 200 1 $aFoundations of programming$fJacques Arsac$gtranslated by Fraser Duncan 210 $aLondon$cAcademic Press$d1985 215 $a265 p.$cill.$d24 cm 225 1 $aAPIC studies in data processing$v23 610 0 $aProgrammazione 610 0 $aElaboratori digitali 676 $a005 700 1$aArsac,$bJacques$0118603 801 0$aIT$bUNINA$gRICA$2UNIMARC 901 $aBK 912 $a990000469140403321 952 $a10 P.T. 368$b502 DIS$fDINEL 959 $aDINEL 996 $aFoundations of programming$9331692 997 $aUNINA LEADER 00737nam0-22002771i-450- 001 990006149030403321 005 19980601 035 $a000614903 035 $aFED01000614903 035 $a(Aleph)000614903FED01 035 $a000614903 100 $a19980601d1888----km-y0itay50------ba 105 $a--------00-yy 200 1 $a<>problemi della morale e del diritto$fP. Bianco. 210 $aNapoli$cBellisario e C.$d1888 215 $a216 p.$d28 cm 676 $a340.12 700 1$aBianco,$bP.$0406117 801 0$aIT$bUNINA$gRICA$2UNIMARC 901 $aBK 912 $a990006149030403321 952 $aXI D 35$fFGBC 959 $aFGBC 996 $aProblemi della morale e del diritto$9645933 997 $aUNINA DB $aGIU01